KOHA-Header-6

Practice And Law of Banking In Pakistan (Record no. 9824)

000 -LEADER
fixed length control field 00281nam a2200109Ia 4500
100 ## - MAIN ENTRY--AUTHOR NAME
Personal name Dr. Asrar H. Siddiqi
245 #0 - TITLE STATEMENT
Title Practice And Law of Banking In Pakistan
260 ## - PUBLICATION, DISTRIBUTION, ETC. (IMPRINT)
Place of publication Karachi
Name of publisher Royal Book
Year of publication 273
300 ## - PHYSICAL DESCRIPTION
Number of Pages 2004
942 ## - ADDED ENTRY ELEMENTS (KOHA)
Koha item type Books
Holdings
Withdrawn status Lost status Permanent Location Current Location Date acquired Full call number Accession Number Koha item type
    MAJU MAJU 2019-09-14 658.2 5812 Books

Powered by Koha